书目信息 |
| 题名: |
赛车简史
|
|
| 作者: | ;上海汽车博物馆 编著 | |
| 分册: | ||
| 出版信息: | 上海 上海人民出版社 2020.5 |
|
| 页数: | 326页 | |
| 开本: | 21cm | |
| 丛书名: | ||
| 单 册: | ||
| 中图分类: | G872.109 | |
| 科图分类: | ||
| 主题词: | 赛车--汽车运动--体育运动史--世界 | |
| 电子资源: | ||
| ISBN: | 978-7-208-16377-5 | |
| 000 | 00949nam0 2200253 45 | |
| 001 | 012001004120 | |
| 005 | 20140926140423.0 | |
| 010 | @a978-7-208-16377-5@b精装@dCNY98.00 | |
| 100 | @a20200815d2020 em y0chiy0110 ea | |
| 101 | 0 | @achi |
| 102 | @aCN@b310000 | |
| 105 | @aa z 000yy | |
| 106 | @ar | |
| 200 | 1 | @a赛车简史@Asai che jian shi@e一百年的热血狂飙@f上海汽车博物馆编著 |
| 210 | @a上海@c上海人民出版社@d2020.5 | |
| 215 | @a326页@c图,照片@d21cm | |
| 300 | @a其他题名:一百年的热血狂飙 | |
| 330 | @a本书截取汽车运动一百年历史中的精华部分,按年份划分章节,讲述各个时代重要的赛事、选手、品牌、车型、传奇故事,以及背后的汽车技术发展、赛车规则沿革,进而为中国读者勾勒出一幅赛车历史百年发展图卷。 | |
| 517 | 1 | @a一百年的热血狂飙 |
| 606 | 0 | @a赛车@x汽车运动@x体育运动史@y世界 |
| 690 | @aG872.109@v5 | |
| 711 | 02 | @a上海汽车博物馆@Ashang hai qi che bo wu guan@4编著 |
| 801 | @aCN@bAHXH@c20210922 | |
| 905 | @b1329496-500@dG872.109@e210@f5 | |
| 赛车简史:一百年的热血狂飙/上海汽车博物馆编著.-上海:上海人民出版社,2020.5 |
| 326页:图,照片;21cm |
| 其他题名:一百年的热血狂飙 |
| ISBN 978-7-208-16377-5(精装):CNY98.00 |
| 本书截取汽车运动一百年历史中的精华部分,按年份划分章节,讲述各个时代重要的赛事、选手、品牌、车型、传奇故事,以及背后的汽车技术发展、赛车规则沿革,进而为中国读者勾勒出一幅赛车历史百年发展图卷。 |
| ● |
| 相关链接 |
|
|
|
|
正题名:赛车简史
索取号:G872.109/210
 
预约/预借
| 序号 | 登录号 | 条形码 | 馆藏地/架位号 | 状态 | 备注 |
| 1 | 1329496 | 213294969 | 第一样本阅览室/ [索取号:G872.109/210] | 在馆 | |
| 2 | 1329497 | 213294978 | 教育系资料室/ [索取号:G872.109/210] | 在馆 | |
| 3 | 1329498 | 213294987 | 教育系资料室/ [索取号:G872.109/210] | 在馆 | |
| 4 | 1329499 | 213294996 | 第四借阅区/ [索取号:G872.109/210] | 在馆 | |
| 5 | 1329500 | 213295003 | 第四借阅区/ [索取号:G872.109/210] | 在馆 |